NHL point leaders by team - Statistics

General Stats
  • This quiz has been taken 661 times
    633 since last reset
  • The average score is 19 of 30
Answer Stats
Team Points Player % Correct
Edmonton 1669 Wayne Gretzky
94%
Washington* 1035 Alex Ovechkin
87%
Anahiem 988 Teemu Selanne
87%
Detroit 1809 Gordie Howe
84%
Pittsburgh 1723 Mario Lemieux
82%
Vancouver* 1020 Henrik Sedin
79%
Colorado/Quebec 1641 Joe Sakic
79%
Dallas/Minnesota 1354 Mike Modano
74%
Columbus 547 Rick Nash
74%
Tampa Bay 953 Martin St Louis
72%
San Jose* 1082 Patrick Marleau
72%
Montreal 1246 Guy Lafleur
71%
Toronto 987 Mats Sundin
69%
Calgary/Atlanta 1095 Jarome Iginla
68%
Arizona/Winnipeg 955 Shane Doan
68%
Chicago 1467 Stan Mikita
66%
Los Angeles 1307 Marcel Dionne
65%
Boston 1506 Ray Bourque
63%
Ottawa 1108 Daniel Alfredsson
62%
Winnipeg/Atlanta 615 Ilya Kovalchuk
61%
Carolina/Hartford 1175 Ron Francis
61%
Minnesota* 614 Mikko Koivu
57%
Islanders 1353 Bryan Trottier
56%
New Jersey 1025 Patrik Elias
54%
Philidelphia 1210 Bobby Clarke
53%
Florida 419 Olli Jokinen
42%
Nashville 566 David Legwand
37%
Buffalo 1326 Gilbert Perreault
36%
Rangers 1021 Rod Gilbert
27%
St Louis 1073 Bernie Federko
26%
No matching quizzes found
Score Distribution
Percent of People with Each Score
Percentile by Number Answered
Your Score History
You have not taken this quiz since the last reset